000 00346nam a22001457a 4500
005 20170330095926.0
008 170330b xxu||||| |||| 00| 0 eng d
041 _aeng
100 _aPUNMIA,DR. B C
_93585
245 _aR .C .C DESIGNS
260 _bLAXHMI PUBLICATION
_c1975
300 _a1246
650 _aCIVIL ENGINEERING
_93682
942 _cBK
999 _c5333
_d5331